| 000 | 00411nam a2200169Ia 4500 | ||
|---|---|---|---|
| 008 | 210210b1971 xxu||||| |||| 00| 0 eng d | ||
| 020 | _a0 09 109301 5 | ||
| 082 | _a588 WATS | ||
| 100 | _aWATSON (E V). | ||
| 245 | _aStructure and life of bryophytes. Ed 3 | ||
| 250 | _a | ||
| 260 |
_aLondon _bHutchinson University _c1971 |
||
| 300 | _a211 | ||
| 650 | _aBryophytes | ||
| 690 | _aBotany | ||
| 906 | _a030208 | ||
| 999 |
_c81395 _d81395 |
||